| LEADER |
01258nam0a2200217 450 |
| 001 |
16831124 |
| 010 |
|
|
|a 978-2-37731-146-0
|b br.
|d 10,9
|
| 100 |
|
|
|a 20180816d2018 u u0frey01 ba
|
| 101 |
0 |
|
|a fre
|
| 102 |
|
|
|a FR
|
| 200 |
0 |
|
|a Monsieur Ganèche et le championnat du monde d'aventure
|f Jérôme Bourgine
|g illustrations de Maurèen Poignonec
|
| 207 |
|
1 |
|a
|
| 210 |
|
|
|a Paris
|c Sarbacane
|d 2018
|
| 215 |
|
|
|a 1 vol. (233 p.)
|c ill.
|d 21 cm
|
| 225 |
1 |
|
|a Pepix
|
| 330 |
|
|
|a Sélectionnés pour participer aux premiers Championnats du Monde d'Aventure, Monsieur Ganèche et ses six inimitables élèves, les Tricéphales, s'envolent pour le Far West ! Dans un décor à couper le souffle, les prétendus cancres vont affronter les équipes des autres pays : labyrinthes, casse-tête, challenges sportifs, escape-game... Zlatan, Fatima, Lucas, Céline, Tho et Maïtiti devront se montrer aussi persévérants que solidaires pour faire honneur à Monsieur Ganèche, le seul adulte à leur faire confiance !
|
| 700 |
|
0 |
|a Bourgine
|b Jérôme
|f 1959-....
|4 70
|
| 702 |
|
0 |
|a Poignonec
|b Maurèen
|f 1992-....
|4 440
|
| 900 |
|
|
|a Roman enfant
|
| 901 |
|
|
|a Accessible au prêt
|
| 995 |
|
|
|a Bibliothèque
|c Bibliothèque
|f 024019335
|h 024019335
|k E C3 BOU
|o p
|q j
|r az
|e Bibliothèque
|